[Event "XXX Roquetas de Mar Open 2019"]
[Site "Roquetas de Mar"]
[Date "2019.01.06"]
[Round "7"]
[White "Svetushkin, Dmitry"]
[Black "Suarez Uriel, Adrian"]
[Result "0-1"]
[WhiteElo "2605"]
[BlackElo "2391"]
[Annotator "TA"]
[PlyCount "126"]
[EventDate "2019.01.02"]
[EventType "swiss"]
[EventCountry "ESP"]
[SourceTitle "playchess.com"]
[Source "ChessBase"]
[SourceQuality "1"]

{[%evp 17,126,-36,-23,-33,-29,-35,-40,-45,-40,-62,-41,-78,-52,-86,-47,-89,-89,-86,-78,-114,-115,-148,-132,-127,-155,-152,-150,-146,-170,-167,-162,-143,-90,-93,-74,-91,-66,-63,-54,-107,-9,-123,-16,-129,-129,-569,-562,-545,-305,-305,-305,-305,-305,-305,-297,-299,-160,-221,-210,-197,-41,-43,-45,-141,-137,-208,-200,-187,-184,-693,-689,-995,-553,-578,-305,-297,-309,-289,-316,-279,-290,-281,-283,-252,-267,-218,-262,-144,-152,-153,-64,-59,0,-517,-372,-2817,-1274,-9360,-7315,-4907,-3506,-11391,-5847,-29979,-29980,-12753,-5847,-4638,-4631,-4618,-4618]} 1. e4 c5 2. Nf3 e6 3. d3 Nc6 4. c3 d5 5. Qe2 Be7 6. g3 {B40: Sicilian: 2...e6, Unusual lines} Nf6 7. Bg2 O-O 8. e5 (8. O-O b5 9. exd5 Nxd5 10. a4 b4 11. c4 Nf6 12. Nbd2 Bb7 13. Nb3 {½-½ (59) Bologan,V (2615)-Geller,J (2526) Moscow 2017}) 8... Nd7 9. O-O Qc7 {[%cal Rd7e5] LiveBook: 3 Games} 10. Bf4 b5 11. Re1 a5 12. a4 $146 ({Predecessor:} 12. Nbd2 Rd8 13. h4 Nf8 14. h5 h6 {1-0 (50) Markovic,M (2485)-Bojkovic,N (2405) Niksic 1996}) 12... bxa4 13. c4 Nb4 14. Na3 Rb8 15. h4 Rd8 16. Rad1 Nf8 17. h5 h6 18. g4 Nh7 19. Qe3 Rd7 20. g5 hxg5 21. Nxg5 Nxg5 22. Bxg5 Bxg5 23. Qxg5 {Black must now prevent h6.} Qd8 24. Qg4 Bb7 (24... dxc4 $142 $1 25. dxc4 Nd3) 25. Re3 $17 dxc4 26. Rg3 {[%csl Gg3][%cal Rg4g7]} Qf8 {aiming for ...Rd4.} 27. Nxc4 Bxg2 28. Kxg2 Nd5 (28... Rd4 $1 $17 {[%cal Rd4g4]} 29. Qg5 Nd5 {[%mdl 64] Remove Defender}) 29. Nd6 (29. Rh1 $11) 29... Rb4 (29... f5 $17 30. Qxa4 {[%mdl 64] Double Attack} Qd8) 30. d4 (30. Ne4 $1 $11) 30... f5 $36 {[%mdl 2048] Keeping White busy.} 31. exf6 $2 {[%mdl 8192]} (31. Qh4 $17 {is more resistant.}) 31... Qxd6 $19 32. fxg7 Nf6 33. Qg6 Qd5+ (33... Rxd4 $2 34. h6 $3 $18 {[%mdl 512]}) 34. Kg1 Qf5 $1 {[%cal Rf5g6]} (34... Rxd4 35. Rxd4 Qxd4 36. h6 $11) (34... Qxh5 $2 35. Qxf6 Qxd1+ 36. Kg2 $18) 35. h6 Rb8 36. d5 Rbd8 (36... Rxd5 $19 37. Rxd5 Qxg6 38. Rxg6 Nxd5 39. Rxe6 c4) 37. Re1 (37. Rdd3 $17 Qxg6 38. Rxg6 Rxd5 39. Rf3) 37... Qxg6 38. Rxg6 Nxd5 $2 ({Black should try} 38... Kf7 $19 39. g8=R Rxg8 40. Rxg8 Kxg8 41. dxe6 Rb7) 39. Rgxe6 $15 Kh7 40. f4 ({Better is} 40. R1e4 $15) 40... c4 $17 ({And not} 40... Nxf4 41. Re8 $14) 41. R1e5 (41. f5 $17 {was worth a try.}) 41... a3 $19 (41... Nxf4 42. Re8 $11) 42. bxa3 c3 $1 {[%cal Rc3c2]} (42... Nxf4 43. Re8 $18) 43. Rf5 $2 (43. Re8 Nf6 44. Rf8) 43... Rg8 44. Rf8 Ne7 45. Re2 {intending f5.} Rd2 46. Rxe7 {[%mdl 4096] Endgame Rxg8 would kill now. KRR-KRR} c2 $1 {[%cal Rc2c1]} 47. Rc7 {Intending Rxg8 and mate.} ({Avoid the trap} 47. Re1 $2 Rd1 $19) 47... Rd1+ 48. Kf2 {White threatens Rxg8 and mate.} c1=Q 49. Rxc1 Rxc1 50. f5 Rc8 $1 51. Rf6 Rgd8 $1 52. Ke3 {[#]} (52. Kf3 $19 Kg8 53. Kf4) 52... Kg8 $1 $17 53. Kf4 {[#]} Rc3 ({Black should play} 53... Rd4+ $1 $17 54. Kg5 Ra4) 54. Ra6 $15 Kh7 (54... Rdc8 $15 55. Ra7 R3c7 56. Rxa5 Kh7) 55. Rg6 $2 {[%mdl 8192]} (55. Rf6 $1 $11 {and White has nothing to worry.} Kg8 56. Ra6) 55... Rxa3 56. Rg1 $2 (56. Rf6 Kg8 57. Ra6) 56... Rh3 $19 57. f6 Rxh6 58. Kf5 Kg8 59. Rb1 Ra8 60. Rb7 a4 61. Kg5 Rh1 {Black is clearly winning.} 62. Kg6 Rg1+ 63. Kh6 Rf1 {Accuracy: White = 32%, Black = 54%.} 0-1

[Event "XXX Roquetas de Mar Open 2019"]
[Site "Roquetas de Mar"]
[Date "2019.01.06"]
[Round "7"]
[White "Grigoryan, Karen H."]
[Black "Barski, Radoslaw"]
[Result "1-0"]
[WhiteElo "2557"]
[BlackElo "2458"]
[Annotator "TA"]
[PlyCount "79"]
[EventDate "2019.01.02"]
[EventType "swiss"]
[EventCountry "ESP"]
[SourceTitle "playchess.com"]
[Source "ChessBase"]
[SourceQuality "1"]

{[%evp 13,78,8,37,28,20,24,30,16,33,10,75,72,71,33,33,40,39,36,41,11,25,19,47,54,61,31,54,42,56,45,149,147,237,239,239,226,403,402,376,377,408,397,433,424,439,425,415,200,191,-120,553,551,530,523,480,524,318,316,318,318,310,304,533,522,29998,29999,29999]} 1. Nf3 d5 2. g3 Nf6 3. Bg2 g6 4. c4 c6 5. b3 Bg7 6. Bb2 O-O 7. O-O e6 {LiveBook: 8 Games} 8. Qc2 {A11: English Opening: 1...c6} b6 9. d4 Bb7 10. Nc3 {[%cal Bb1c3,Bc3b5,Bb5d6][%mdl 32] White has an edge.} Na6 $146 ({Predecessor:} 10... Qe7 11. Rad1 Na6 12. Qb1 Rfd8 13. Qa1 Rac8 14. e3 Ne4 15. Nxe4 dxe4 {½-½ (45) Eljanov,P (2707)-Inarkiev,E (2683) Palma de Mallorca 2017}) 11. e4 Rc8 (11... Nb4 $11 {remains equal.} 12. Qe2 Nxe4) 12. e5 $16 Nd7 13. cxd5 exd5 14. Ba3 c5 15. Nb5 cxd4 16. Qd2 Nac5 17. Nd6 $36 {[%mdl 2048] White fights for an advantage.} Ne4 18. Qf4 $1 Nxd6 19. Bxd6 Re8 20. Bh3 $1 (20. Qxd4 f6 $11) 20... h6 21. Rfe1 {e6 is the strong threat.} Nc5 (21... g5 $14 22. Qd2 (22. Qxd4 Rc6 $11) 22... d3) 22. Bxc8 (22. Nxd4 $6 Nd3 $14) 22... Qxc8 (22... Nd3 $16) 23. Rac1 $1 $18 {[%cal Ba1c1,Bc1c5,Bc5c6][%mdl 32] Hoping for b4.} (23. Nxd4 Nd3 $14) (23. Qxd4 $6 Qf5 $16) 23... g5 24. Qd2 (24. Qxd4 $6 Qf5 $16) 24... Qh3 $2 (24... d3 {was necessary.} 25. b4 Qg4) 25. Bxc5 bxc5 26. Rxc5 d3 27. Nd4 Ba6 28. Rc6 Rxe5 29. Rxe5 (29. Rxa6 Rxe1+ 30. Qxe1 Bxd4 $16) 29... Bxe5 30. Nf3 (30. Rxa6 $142 Bxd4 31. Qxd3) 30... Bf4 31. Qe1 $2 (31. gxf4 $2 Qg4+ 32. Kf1 Qxf3 $19) ({Better is} 31. Qd1 $1 $18 Bb7 32. Rf6) 31... Bb7 $2 {[%mdl 8192] [#]} (31... Bb5 $17 {and life is bright.} 32. Qe8+ Kg7) 32. Qe8+ $1 Kg7 {Threatens to win with ...d2.} 33. Ne5 {[%mdl 64] Double Attack} Qf5 {[#] And now ...d2 would win.} 34. Rxh6 $1 {[%mdl 576] Deflection} Kxh6 35. Qh8+ Qh7 36. Qf6+ {[%mdl 64] Double Attack} Kh5 37. gxf4 gxf4 $2 {[#]} (37... Qg8 38. Kf1 (38. Nxf7 gxf4+ 39. Kf1 d2 $18) (38. Nxd3 Qg6 $18) 38... Bc8) 38. h4 $1 {[%csl Gh4][%cal Rf6g5]} ({And not} 38. Qxf4 d2 $15) 38... Qh6 39. Qf5+ {[%mdl 64] Double Attack} Kxh4 40. Nf3# {Accuracy: White = 62%, Black = 42%.} 1-0

[Event "XXX Roquetas de Mar Open 2019"]
[Site "Roquetas de Mar"]
[Date "2019.01.06"]
[Round "7"]
[White "Marin, Mihail"]
[Black "Luch, Michal"]
[Result "1-0"]
[WhiteElo "2540"]
[BlackElo "2362"]
[Annotator "TA"]
[PlyCount "109"]
[EventDate "2019.01.02"]
[EventType "swiss"]
[EventCountry "ESP"]
[SourceTitle "playchess.com"]
[Source "ChessBase"]
[SourceQuality "1"]

{[%evp 17,109,-11,0,-6,0,0,7,0,58,58,57,75,217,220,200,212,204,153,144,133,157,115,127,104,114,116,110,110,129,106,118,110,117,103,95,94,95,97,109,64,68,68,75,75,91,63,64,44,39,33,90,77,77,77,77,77,102,102,104,104,103,61,154,154,145,133,124,116,243,227,246,235,235,195,204,173,240,169,346,346,703,714,705,722,707,715,711,711,703,465,29986,29987,29987,29988]} 1. c4 e6 2. g3 d5 3. Bg2 dxc4 4. Nf3 Nd7 5. Qc2 Nb6 6. O-O {A13: English Opening: 1...e6} Nf6 7. a4 a5 8. Na3 Bxa3 9. Rxa3 O-O {LiveBook: 9 Games} 10. e4 Qe7 (10... e5 11. Nxe5 Qd4 12. Qc3 Qxc3 13. Rxc3 Be6 14. d4 Nxa4 {1-0 (40) Wei,Y (2738)-Ponomariov,R (2699) Danzhou 2017}) 11. b3 Qb4 $1 {White should prevent ...cxb3.} 12. Ne5 ({Much weaker is} 12. e5 Nfd5 $15) 12... cxb3 $146 (12... Rd8 $11) ({Predecessor:} 12... Nfd7 13. Nxc4 Nxc4 14. bxc4 {1-0 (38) Soffer,R (2500)-Konaplev,A (2298) St Petersburg 2017}) 13. Rxb3 $14 Qxa4 14. Bb2 Kh8 (14... Qe8 $16) 15. Ra1 Qe8 16. Qxc7 Nbd7 17. Rxa5 Rxa5 18. Qxa5 Nxe5 19. Qxe5 Qa4 20. Qb5 Qxb5 21. Rxb5 Rd8 22. Bc3 Nd7 23. Ra5 Kg8 24. Bf1 Nb8 25. Ra8 Nc6 26. Bb5 Rf8 27. f4 {[%cal Bf2f4,Bf4f5][%mdl 32]} (27. Ra2 {is interesting.} Bd7 28. Rb2 f6 29. f4 Rc8 30. Kf2) 27... Bd7 28. Rxf8+ (28. Ra2 {seems wilder.} Nb8 29. Bd3 Na6 30. Kf2 Nc5 31. Bc2) 28... Kxf8 $16 {[%mdl 4096] Endgame KBB-KBN} 29. Kf2 f6 30. Ke3 Ke7 31. g4 e5 32. f5 g6 33. Bc4 Kd6 (33... Kf8 $14) 34. Bb2 Ke7 35. Ba3+ Ke8 36. Bg8 gxf5 37. gxf5 h6 38. Bc4 Nd4 {[#] Threatens to win with ...Nc2+.} 39. Bc5 b5 (39... Bb5 $14 40. Bd5 Nc2+ 41. Kf3 Bc6) 40. Bd5 Nc6 41. Kf2 Ne7 42. Bb3 Kd8 (42... Nc6 $16 43. Bd5 Ne7) 43. Bb6+ Kc8 44. Be3 Nc6 45. Bxh6 Nd4 46. Bd5 b4 (46... Kd8 $142 47. Bf8 Bc6) 47. Be3 ({Don't do} 47. Bg7 b3) 47... Nc2 $2 (47... Ba4) 48. Bc5 $18 Ba4 $2 (48... Kd8 49. h4 Be8) 49. h4 {[%cal Bh2h4,Bh4h5,Bh5h6][%mdl 32]} ({Not} 49. Be7 b3 $16) 49... b3 50. h5 b2 51. Ba2 Bb3 52. Bb1 Nd4 53. h6 {[#] aiming for h7.} Bc2 (53... Bg8 $18 54. Ba3 Nb3 55. Bxb2 Nxd2) 54. Bxd4 Bxb1 55. Bxb2 {Accuracy: White = 63%, Black = 43%.} 1-0

[Event "XXX Roquetas de Mar Open 2019"]
[Site "Roquetas de Mar"]
[Date "2019.01.06"]
[Round "7"]
[White "Xu, Yi"]
[Black "Carlsson, Pontus"]
[Result "1/2-1/2"]
[WhiteElo "2528"]
[BlackElo "2463"]
[Annotator "TA"]
[PlyCount "201"]
[EventDate "2019.01.02"]
[EventType "swiss"]
[EventCountry "ESP"]
[SourceTitle "playchess.com"]
[Source "ChessBase"]
[SourceQuality "1"]

{[%evp 32,201,33,33,37,42,39,47,67,54,35,47,37,31,33,42,39,31,24,0,12,-8,-8,-8,-9,-16,-15,-8,-10,-24,0,0,0,0,0,0,0,0,0,-16,-16,-20,-12,-20,0,0,0,0,0,0,0,0,0,0,0,0,0,0,0,0,0,0,0,0,0,0,0,0,0,0,0,0,0,0,0,0,0,0,0,0,0,0,0,0,0,0,0,0,0,0,0,0,0,0,0,0,0,0,0,0,0,0,0,0,0,0,0,0,0,0,0,0,0,0,0,0,0,0,0,0,0,0,0,0,0,0,0,0,0,0,0,0,0,0,0,0,0,0,0,0,0,0,0,0,0,0,0,0,0,0,0,0,0,0,0,0,0,0,0,0,0,0,0,0,0,0,0,0,0,0,0,0]} 1. e4 c5 2. Nf3 g6 3. d4 cxd4 4. Nxd4 Nf6 5. Nc3 d6 6. Be3 Bg7 7. f3 O-O 8. Qd2 Nc6 9. Bc4 Bd7 10. O-O-O Rc8 11. Bb3 Nxd4 12. Bxd4 b5 13. Nd5 Nxd5 {B78: Sicilian Dragon: Yugoslav Attack, 9 Bc4 Bd7 10 0-0-0 Rc8} 14. Bxg7 Kxg7 15. exd5 a5 16. a3 Kg8 17. Rhe1 {LiveBook: 18 Games} Rc7 (17... Rc5 18. Re3 b4 19. axb4 axb4 20. Qxb4 Qa8 21. Kd2 {½-½ (46) Alekseenko,K (2609)-Vocaturo,D (2620) Batumi 2018}) 18. Re3 b4 19. axb4 axb4 20. Qxb4 $146 ({Predecessor:} 20. Qd4 Rc5 21. Qxb4 {½-½ (50) Blank,W (2469)-Hirr,R (2420) ICCF email 2012}) 20... Qa8 21. Kd2 {[%cal Bc1d2,Bd2e2,Be2f1][%mdl 32]} Rb8 {[%cal Bf8b8,Bb8b4,Bb4a4][%mdl 32]} 22. Qd4 Qa5+ 23. Ke2 Rb4 24. Qd2 $1 Qc5 25. Kf1 Bb5+ 26. Kg1 Ba4 $1 {[%cal Ra4b3]} 27. Bxa4 Rxa4 28. c3 Ra2 $1 29. Kf1 Rb7 30. Re2 Rbxb2 31. Qxb2 {The position is equal.} Rxb2 32. Rxb2 Qxc3 $11 {[%mdl 4096] Endgame KQ-KRR} 33. Re2 Qc4 34. Kf2 Kf8 35. Red2 h5 36. h3 Qc5+ 37. Kf1 Qe3 38. Re2 Qb3 39. Rde1 Qxd5 {aiming for ...e6.} 40. Rxe7 Qd3+ 41. R7e2 g5 42. Kg1 g4 43. hxg4 hxg4 44. fxg4 Qd4+ 45. Kh2 Qxg4 46. Re8+ Kg7 47. R1e3 {[#] Hoping for Rg3.} Qh4+ 48. Rh3 Qf4+ 49. Rg3+ Kf6 50. Ree3 {And now Ref3 would win.} Qh4+ 51. Rh3 Qf4+ 52. Kg1 Qd4 53. Kf2 Kg7 54. Rhf3 Kf8 55. g3 Qc5 56. Kg2 Qc2+ 57. Rf2 Qc6+ 58. Ref3 Qd5 59. g4 Kg7 60. Kh3 Qe6 61. Rd3 Qe1 62. Rfd2 Qh1+ 63. Kg3 Qg1+ 64. Kf4 Qf1+ 65. Ke4 Qg1 66. Kf3 Qf1+ 67. Kg3 Qg1+ 68. Rg2 Qe1+ 69. Kh2 Qh4+ 70. Rh3 Qg5 71. Rf2 Qe5+ 72. Kg2 Kg8 73. Rhf3 Qe6 74. Rf5 Qe4+ 75. Kg3 Qe6 76. Rf6 Qd5 77. R2f5 Qa2 (77... Qb3+ {seems wilder.} 78. Kh4 d5 79. Rxf7 Qe3 80. R7f6 Kg7) 78. Rf3 Qd5 79. R6f5 (79. Rxf7 {is interesting.} Qe4 80. Rf8+ Kg7 81. R8f7+ Kg8) 79... Qe6 80. Kf2 Kg7 81. R5f4 Qa2+ 82. Kg3 Qe6 83. Rf5 Qe1+ 84. Kg2 Qe2+ 85. Kh3 Qe6 86. R5f4 Qh6+ 87. Kg2 Qe6 88. Rd4 Kf8 89. Rf2 Qe5 90. Rfd2 Ke7 91. Kf3 Qf6+ 92. Kg3 Qe5+ 93. Kf2 {[#] Strongly threatening Re2.} Qf6+ 94. Ke1 Qh4+ 95. Ke2 Qh1 96. R2d3 Qg2+ 97. Kd1 Qh1+ 98. Kc2 Qc6+ 99. Kd1 Qh1+ 100. Kc2 Qc6+ 101. Kd1 {Accuracy: White = 78%, Black = 80%.} 1/2-1/2

[Event "XXX Roquetas de Mar Open 2019"]
[Site "Roquetas de Mar"]
[Date "2019.01.06"]
[Round "7"]
[White "Frolyanov, Dmitry"]
[Black "Tazbir, Marcin"]
[Result "1-0"]
[WhiteElo "2517"]
[BlackElo "2529"]
[Annotator "TA"]
[PlyCount "113"]
[EventDate "2019.01.02"]
[EventType "swiss"]
[EventCountry "ESP"]
[SourceTitle "playchess.com"]
[Source "ChessBase"]
[SourceQuality "1"]

{[%evp 18,113,36,37,46,37,43,40,57,47,59,51,64,55,57,39,46,49,41,29,49,50,61,55,58,66,57,25,36,39,30,51,39,35,51,45,31,0,55,27,23,18,92,80,158,139,195,104,113,108,115,110,130,126,120,125,160,145,224,150,238,177,164,162,292,173,173,163,293,282,472,446,490,488,491,471,958,893,947,514,550,537,505,406,647,646,616,432,529,576,551,435,424,410,668,557,919,926]} 1. e4 e5 2. Nf3 Nc6 3. Bb5 Nf6 4. O-O Nxe4 5. Re1 Nd6 6. Nxe5 Be7 7. Bf1 O-O {C67: Ruy Lopez: Berlin Defence: 4 0-0 Nxe4} (7... Nxe5 8. Rxe5 O-O 9. d4 Bf6 10. Re1 Re8 11. c3 Rxe1 12. Qxe1 Ne8 13. d5 c6 14. Nd2 cxd5 15. Nf3 d6 16. Be3 Nc7 17. Qd2 Bd7 18. g3 {½-½ (32) Giri,A (2780)-Caruana,F (2827) Batumi 2018}) 8. d4 Nf5 9. Nf3 d5 10. c3 {LiveBook: 135 Games} Bf6 11. Bd3 g6 12. Bf4 $146 ({Predecessor:} 12. Nbd2 Nd6 13. Nf1 Bf5 14. Ng3 Bxd3 15. Qxd3 {½-½ (27) Agmanov,Z (2377)-Makhnyov,D (2379) Almaty 2017}) 12... Nd6 13. Nbd2 Ne7 14. Qb3 b6 15. Re2 Bb7 16. Rae1 Nef5 17. h3 Ng7 18. Ne5 Nh5 19. Bh2 Bg5 20. Qa4 Nf4 21. Bxf4 $1 Bxf4 22. Ba6 {Hoping for Bxb7.} Bxa6 23. Qxa6 Bxd2 24. Rxd2 Ne4 25. Rde2 Qd6 26. Nc4 Qc6 27. Ne5 Qd6 $1 28. Qb5 c5 29. Nc4 Qd8 (29... a6 $11 {remains equal.} 30. Nxd6 axb5 31. Nxe4 dxe4) 30. Ne3 $36 {[%mdl 2048] White is in control.} cxd4 ({Black should try} 30... Qd6) 31. Nxd5 Nc5 {[#]} (31... Rc8 $16) 32. Ne7+ ({Resist} 32. cxd4 $6 Qxd5 33. dxc5 Qxc5 $16) ({White should play} 32. Qc4 $1 $18) 32... Kg7 33. Nc6 a6 34. Qc4 Qf6 {aiming for ...d3.} 35. Nxd4 Rac8 36. Re3 Rc7 37. Qe2 Rd8 (37... Kg8 $16 38. Qg4 b5) 38. Qg4 Kg8 (38... Rd5 $16 39. Qd1 Rcd7) 39. Qg3 Rcd7 40. Rf3 Qg7 (40... Qd6 $142 41. Qh4 h5) 41. Qf4 (41. b4 $142) 41... Qf8 $18 42. Rfe3 Qd6 (42... Rd6 $142 43. a3 b5) 43. Qg5 ({But not} 43. Re8+ $6 Kg7 $18) 43... Rf8 $2 {[#]} (43... Ne6 44. Nxe6 fxe6 45. Rxe6 Qb8) 44. Nf5 f6 45. Qg4 ({Less strong is} 45. Nxd6 fxg5 46. Nc4 b5 $16) 45... Qd2 46. b4 Na4 (46... Nd3 $142) 47. Qc4+ Kh8 48. Nd4 b5 49. Qc6 Rdf7 50. a3 Qb2 (50... h5 $142 51. Ne6 Rb8) 51. Qxa6 Nxc3 52. Nxb5 Nd5 53. R3e2 Qb3 54. Nd4 {[%cal Bb5d4,Bd4e6,Be6d8][%mdl 32]} Qc3 55. Ne6 Rc8 (55... Nc7 $142 56. Nxc7 Qxc7) 56. Qd6 Qc4 57. Nd8 {Precision: White = 63%, Black = 40%.} 1-0

[Event "XXX Roquetas de Mar Open 2019"]
[Site "Roquetas de Mar"]
[Date "2019.01.06"]
[Round "7"]
[White "Del Rio De Angelis, Salvador G."]
[Black "Garcia Martin, Marta"]
[Result "1/2-1/2"]
[WhiteElo "2501"]
[BlackElo "2296"]
[Annotator "TA"]
[PlyCount "94"]
[EventDate "2019.01.02"]
[EventType "swiss"]
[EventCountry "ESP"]
[SourceTitle "playchess.com"]
[Source "ChessBase"]
[SourceQuality "1"]

{[%evp 9,94,26,27,13,19,17,17,14,17,14,15,13,18,18,23,20,24,25,34,22,20,22,19,17,42,41,42,41,39,30,33,19,22,25,32,30,30,35,37,33,45,29,25,0,25,0,0,0,0,-4,-10,-8,-10,-133,-103,-131,0,0,0,0,0,0,0,0,0,0,0,-193,-202,-202,-152,-928,-8,-8,-8,-64,0,0,0,0,0,0,0,0,0,0,0]} 1. d4 d5 2. c4 e6 3. Nc3 a6 4. c5 (4. cxd5 exd5 5. Bf4 Nf6 6. e3 Bd6 7. Bg5 Be6 8. Bd3 Nbd7 9. f4 h6 10. Bh4 g5 11. fxg5 hxg5 12. Bxg5 Rxh2 13. Rxh2 Bxh2 {1-0 (69) Yu,Y (2762)-Fedoseev,V (2707) Danzhou 2018}) 4... b6 5. cxb6 cxb6 6. Bf4 {D31: Queen's Gambit Declined: Semi-Slav without ...Nf6 (+ Marshall Gambit and Noteboom) and Exchange Variation lines without ...Nf6} Bd6 $146 ({Predecessor:} 6... Nf6 7. e3 Nbd7 8. Bd3 Be7 9. Nge2 O-O 10. h3 b5 11. O-O Nb6 {½-½ (26) Asis Gargatagli,H (2371)-Epishin,V (2555) Badalona 2006}) 7. Bxd6 Qxd6 8. e3 Nf6 9. Bd3 Bb7 10. Nf3 O-O 11. O-O Nbd7 {[%cal Bb8d7,Bd7b6,Bb6c4][%mdl 32]} 12. Qb3 b5 13. Rfc1 Rfc8 14. h3 g6 15. Bf1 Rc7 16. Ne2 Nb6 17. Rxc7 Qxc7 18. Qb4 Ne4 19. Rc1 Qd8 20. Ne5 Nc4 21. b3 Nxe5 22. dxe5 {And now f3 would win.} Rc8 23. Rxc8 Qxc8 24. f3 Nc5 25. Nf4 Qc7 26. Kf2 Kg7 27. Be2 a5 28. Qd4 ({But not} 28. Qxb5 Ba6 $17) 28... b4 29. Bb5 Ba6 30. Bxa6 Nxa6 31. Nd3 (31. Ke2 $11 {remains equal.}) 31... Qc2+ $17 32. Kg3 Qxa2 (32... Nb8 $17 33. e4 Nc6) 33. Qa7 $11 {aiming for Nf4.} Qxb3 34. Nf4 {[#] White wants to mate with Nxe6+.} d4 $1 35. exd4 {Black must now prevent d5.} (35. Qxd4 Qc3) 35... g5 36. Nh5+ Kg6 37. Nf6 {Threatening mate with Qa8.} Qe3 {Strongly threatening ...b3.} 38. Qxa6 $2 (38. Qd7 $11 {and White has nothing to worry.}) 38... Qf4+ $19 39. Kf2 Qxd4+ 40. Kf1 $2 {[#]} (40. Ke2 $17 Qb2+ 41. Kd3) 40... Qxe5 $2 (40... b3 $1 $19 41. Qe2 a4) 41. Nd7 $132 {[%mdl 2048] White is not holding back} Qa1+ 42. Ke2 Kg7 (42... Qb2+ $15 43. Ke3 Qxg2 44. Qd3+ f5 45. Nf8+ Kf7 46. Nxh7 Qg1+ 47. Ke2 Kg8) 43. Qc8 {The position is equal.} Qb2+ 44. Kf1 Qb1+ 45. Ke2 Qb2+ 46. Kf1 Qb1+ 47. Ke2 {With the idea Qf8+.} Qb2+ {Accuracy: White = 69%, Black = 54%.} 1/2-1/2

[Event "XXX Roquetas de Mar Open 2019"]
[Site "Roquetas de Mar"]
[Date "2019.01.06"]
[Round "7"]
[White "Sosa, Tomas"]
[Black "Tejedor Fuente, Enrique"]
[Result "1-0"]
[WhiteElo "2499"]
[BlackElo "2428"]
[Annotator "TA"]
[PlyCount "222"]
[EventDate "2019.01.02"]
[EventType "swiss"]
[EventCountry "ESP"]
[SourceTitle "playchess.com"]
[Source "ChessBase"]
[SourceQuality "1"]

{[%evp 15,222,0,28,0,-8,-38,-8,-31,-11,-37,106,106,106,106,106,111,107,105,105,89,92,93,92,92,92,92,92,92,96,73,75,81,91,78,108,108,108,106,99,104,139,137,137,126,118,117,122,118,120,125,131,127,177,158,213,206,201,201,201,201,237,237,237,237,233,233,270,256,400,389,477,477,469,469,469,469,469,462,462,455,455,455,444,418,329,314,429,375,447,440,440,440,433,408,408,400,375,368,12825,12825,12821,12831,12831,12825,12810,12799,12348,12644,6577,6063,29952,29954,29954,29955,29954,29955,29954,29952,29955,29956,29956,29957,29957,29959,29959,29958,29958,29955,29955,29957,29958,29957,29956,29955,29952,12799,29951,4144,29949,29950,4144,4144,4144,4144,4144,4144,29961,4137,29963,29964,29964,29965,29966,29970,29970,29971,29971,29972,29972,29971,29972,29973,29971,29974,29974,29975,29975,29975,29975,29977,29977,29976,29978,29979,29979,29978,29980,29981,29981,29980,29982,29977,29983,29984,29984,29983,29983,29984,29987,29988,29988,29989,29989,29989,29989,29989,29990,29990,29991,29992,29992,29992,29993,29994,29994,29995,29995,29996,29996]} 1. e4 e5 2. Nf3 Nf6 3. d4 Nxe4 4. Bd3 d5 5. dxe5 Nc5 6. Be2 {C43: Petroff Defence: 3 d4} Be7 7. O-O O-O 8. Be3 Bg4 {LiveBook: 5 Games} 9. c4 $146 ({Predecessor:} 9. Nd4 Bxe2 10. Qxe2 Ne6 11. Nf5 Nd7 12. Rd1 c6 13. c4 dxc4 14. Qxc4 Qe8 {1-0 (62) Areshchenko,A (2657)-Ivanov,O (2461) Alushta 2009}) 9... dxc4 10. Qc2 Bxf3 11. Bxf3 {Strongly threatening Bxc5.} Nbd7 12. Rd1 {Hoping for Bxc5.} c6 (12... Nd3 $15) 13. Bxc5 $1 $16 Bxc5 14. Bg4 $36 {[%mdl 2048] White has strong initiative.} f5 15. exf6 ({Weaker is} 15. Bxf5 Qg5 $17) 15... Qxf6 {...Ne5 is the strong threat.} 16. Bxd7 ({But not} 16. Rxd7 $6 Qxf2+ 17. Qxf2 Rxf2 $11) 16... Qxf2+ 17. Qxf2 Rxf2 18. Kh1 Rxb2 19. Be6+ Kh8 20. Bxc4 Bb4 21. a3 Ba5 22. Ra2 (22. Bf1 {feels hotter.} Rf2 23. a4 a6 24. Bd3 Raf8 25. Na3) 22... Rxa2 23. Bxa2 Re8 24. Bf7 Re7 {[#]} 25. Bh5 $1 g6 26. Bf3 Kg7 27. Kg1 Re1+ 28. Rxe1 Bxe1 29. Kf1 Ba5 30. Ke2 Kf6 31. Nd2 Bc7 32. h3 Ke5 33. Kd3 Kf4 34. Ne4 Bd8 (34... Ke5 $16 35. Nc5 b6) 35. Nc5 Be7 36. Nxb7 Bxa3 37. Bxc6 h5 38. Bf3 Kg3 39. Kc4 g5 40. Kb5 h4 41. Bd5 g4 (41... Bc1 {was called for.} 42. Nd6 g4 43. Nf5+ Kf4) 42. hxg4 $18 Kxg4 43. Be6+ Kg3 {[#]} 44. Bh3 $1 Bc1 45. Ka6 Be3 46. Na5 Kf4 47. Nc6 Ke4 48. Nxa7 Kd5 49. Nb5 Kc6 50. Nc3 Bd2 51. Ne4 Be1 52. Ng5 Bb4 53. Nf3 Be7 54. Ka5 Kc5 55. Ka4 Kc4 56. Be6+ Kd3 $2 (56... Kc5 57. Kb3 Bf6) 57. Kb5 Ke4 58. Kc6 Kf4 59. Kd7 Bf6 60. Bh3 Bc3 61. Ke6 Ba5 62. Nxh4 Kg5 63. g3 Bc7 64. Nf3+ Kg6 65. Bf5+ Kg7 66. Ne5 Bd8 67. g4 Bg5 68. Be4 Bc1 69. Kf5 Bd2 70. Ng6 Bb4 71. Bd5 Ba5 72. Nf4 Be1 73. g5 Bc3 74. Bc4 Bb2 75. Be2 (75. Ne6+ $142 Kf7 76. g6+ Kg8 77. Bd3 Bc3 78. Bc4 Kh8 79. Kg5 Be5 80. Kh6) 75... Ba1 76. Bh5 Bb2 77. Ne6+ Kh7 78. Bf7 Ba1 79. Be8 Bb2 80. Nf4 Ba1 81. Ke6 Kg7 82. Ke7 {White mates.} Bb2 83. Nh5+ Kg8 84. Bc6 Ba3+ 85. Ke8 Bc1 86. g6 Bh6 87. Bd5+ Kh8 88. Kf7 Bg7 89. Bc4 Bh6 90. g7+ Bxg7 91. Nxg7 Kh7 92. Nf5 Kh8 93. Kf6 Kh7 94. Bd5 Kh8 95. Nh6 Kh7 96. Nf7 Kg8 97. Be4 Kf8 98. Bh7 Ke8 99. Ne5 Kd8 100. Ke6 Kc7 101. Nd7 Kc6 102. Bd3 Kc7 103. Bb5 Kd8 104. Kd6 Ke8 105. Bc4 Kd8 106. Bf7 Kc8 107. Nc5 Kd8 108. Nb7+ Kc8 109. Kc6 Kb8 110. Kb6 Kc8 111. Be6+ Kb8 {Precision: White = 91%, Black = 30%.} 1-0